Villes avec une langue romane de plus de 100k habitants - Statistiques

Statistiques générales
  • Ce quiz a été pris 72 fois
  • Le résultat moyen est 72 sur 182
Statistiques - réponses
Pays Population Ville % Correct
🇪🇸 1.636.732 Barcelone
99%
🇪🇸 3.305.408 Madrid
99%
🇫🇷 870.731 Marseille
99%
🇫🇷 2.165.423 Paris
99%
🇮🇹 2.761.632 Rome
97%
🇮🇹 1.371.498 Milan
96%
🇮🇹 848.885 Turin
96%
🇫🇷 522.969 Lyon
94%
🇮🇹 914.758 Naples
94%
🇪🇸 789.744 Valence
94%
🇷🇴 1.819.419 Bucarest
93%
🇫🇷 493.465 Toulouse
93%
🇵🇹 544.851 Lisbonne
91%
🇫🇷 318.808 Nantes
91%
🇪🇸 684.234 Seville
91%
🇫🇷 260.958 Bordeaux
90%
🇫🇷 342.669 Nice
88%
🇫🇷 287.228 Strasbourg
88%
🇫🇷 234.475 Lille
87%
🇪🇸 346.405 Bilbao
84%
🇮🇹 630.828 Palerme
84%
🇫🇷 220.488 Rennes
84%
🇫🇷 173.821 Saint-Étienne
84%
🇮🇹 254.661 Venise
84%
🇫🇷 158.198 Grenoble
82%
🇮🇹 367.150 Florence
81%
🇵🇹 231.962 Porto
81%
🇫🇷 295.542 Montpellier
78%
🇫🇷 178.745 Toulon
78%
🇫🇷 181.194 Reims
76%
🇫🇷 139.926 Brest
75%
🇧🇪 188.737 Bruxelles
75%
🇫🇷 118.489 Metz
75%
🇫🇷 168.290 Le Havre
74%
🇫🇷 112.321 Rouen
74%
🇫🇷 158.002 Dijon
72%
🇮🇹 560.688 Gênes
72%
🇨🇭 203.401 Genève
72%
🇪🇸 577.405 Málaga
72%
🇫🇷 105.058 Nancy
72%
🇮🇹 392.203 Bologne
71%
🇫🇷 147.865 Clermont-Ferrand
71%
🇪🇸 675.301 Saragosse
71%
🇫🇷 137.087 Tours
71%
🇫🇷 148.561 Nîmes
69%
🇫🇷 116.269 Orléans
69%
🇫🇷 155.850 Angers
68%
🇫🇷 119.344 Perpignan
68%
🇫🇷 106.230 Caen
66%
🇧🇪 195.278 Liège
66%
🇮🇹 316.140 Bari
65%
🇪🇸 419.366 Palma
65%
🇮🇹 298.324 Catane
63%
🇫🇷 134.706 Amiens
62%
🇫🇷 130.721 Annecy
62%
🇮🇹 257.274 Vérone
59%
🇫🇷 152.212 Villeurbanne
59%
🇫🇷 112.852 Saint-Denis
57%
🇫🇷 143.847 Le Mans
56%
🇫🇷 117.912 Besançon
54%
🇨🇭 140.619 Lausanne
54%
🇲🇩 532.513 Chisinau
53%
🇫🇷 130.876 Limoges
53%
🇫🇷 108.312 Mulhouse
50%
🇪🇸 460.349 Murcie
50%
🇮🇹 200.594 Trieste
50%
🇷🇴 324.700 Cluj-Napoca
49%
🇱🇺 128.494 Luxembourg
49%
🇪🇸 297.775 Valladolid
49%
🇫🇷 145.133 Aix-en-Provence
47%
🇮🇹 148.881 Cagliari
47%
🇧🇪 202.421 Charleroi
47%
🇪🇸 322.071 Cordoue
47%
🇪🇸 231.775 Grenade
47%
🇪🇸 203.081 Pampelune
44%
🇪🇸 293.837 Vigo
44%
🇮🇹 120.207 Bergame
41%
🇧🇪 112.559 Namur
41%
🇮🇹 196.655 Parme
41%
🇪🇸 114.244 Cadix
40%
🇫🇷 121.583 Boulogne-Billancourt
38%
🇵🇹 105.190 Coimbra
37%
🇮🇹 220.094 Messine
37%
🇫🇷 111.240 Montreuil
37%
🇪🇸 337.304 Alicante
35%
🇪🇸 245.468 La Corogne
35%
🇵🇹 148.550 Braga
34%
🇪🇸 101.932 Gérone
34%
🇪🇸 217.552 Oviedo
34%
🇪🇸 172.221 Santander
34%
🇪🇸 188.102 Saint-Sébastien
32%
🇫🇷 111.038 Argenteuil
31%
🇪🇸 174.051 Burgos
31%
🇪🇸 268.896 Gijón
31%
🇮🇹 116.447 Syracuse
31%
🇪🇸 183.095 Getafe
29%
🇮🇹 208.732 Padoue
29%
🇮🇹 196.850 Brescia
28%
🇮🇹 154.177 Livourne
28%
🇪🇸 200.753 Almería
26%
🇷🇴 269.700 Constanta
26%
🇪🇸 378.675 Las Palmas de Gran Canaria
26%
🇪🇸 122.051 León
26%
🇪🇸 135.436 Tarragone
25%
🇪🇸 234.205 Elche
24%
🇮🇹 185.644 Modène
24%
🇮🇹 122.099 Monza
24%
🇮🇹 150.051 Rimini
24%
🇪🇸 143.269 Salamanque
24%
🇪🇸 142.538 Huelva
21%
🇷🇴 308.500 Timisoara
21%
🇪🇸 150.610 Badajoz
19%
🇮🇹 171.800 Reggio de Calabre
18%
🇪🇸 208.563 Santa Cruz de Tenerife
18%
🇮🇹 131.091 Ferrare
16%
🇷🇴 303.000 Iasi
16%
🇪🇸 212.801 Jerez de la Frontera
16%
🇪🇸 147.958 Marbella
16%
🇮🇹 163.598 Pérouse
16%
🇮🇹 128.105 Salerne
16%
🇮🇹 119.406 Pescara
15%
🇮🇹 156.080 Ravenne
15%
🇮🇹 169.029 Reggio d'Emilie
15%
🇲🇩 133.807 Tiraspol
15%
🇪🇸 172.722 Albacete
13%
🇧🇪 122.547 Anderlecht
13%
🇷🇴 246.200 Brasov
13%
🇪🇸 111.932 Jaén
13%
🇪🇸 264.657 L'Hospitalet de Llobregat
13%
🇷🇴 246.400 Craiova
12%
🇮🇹 127.221 Latina
12%
🇪🇸 187.762 Leganés
12%
🇪🇸 140.080 Lérida
12%
🇮🇹 200.762 Prato
12%
🇪🇸 216.204 Sabadell
12%
🇪🇸 253.093 Vitoria-Gasteiz
12%
🇪🇸 216.365 Carthagène
10%
🇪🇸 172.589 Castelló de la Plana
10%
🇪🇸 106.084 Reus
10%
🇮🇹 121.657 Sassari
10%
🇪🇸 223.011 Terrassa
10%
🇪🇸 170.817 Alcorcón
9%
🇷🇴 150.700 Arad
9%
🇪🇸 223.006 Badalona
9%
🇷🇴 155.000 Braila
9%
🇪🇸 136.250 Dos Hermanas
9%
🇮🇹 146.379 Foggia
9%
🇵🇹 105.590 Funchal
9%
🇷🇴 227.800 Galati
9%
🇪🇸 129.120 Mataró
9%
🇪🇸 209.639 Móstoles
9%
🇮🇹 102.902 Plaisance
9%
🇷🇴 190.700 Ploiesti
9%
🇧🇪 130.690 Schaerbeek
9%
🇷🇴 145.200 Sibiu
9%
🇪🇸 195.982 Alcalá de Henares
7%
🇪🇸 122.982 Algesiras
7%
🇵🇹 171.719 Amadora
7%
🇪🇸 150.808 Logrogne
7%
🇷🇴 143.800 Pitesti
7%
🇮🇹 118.509 Trento
7%
🇵🇹 188.660 Vila Nova de Gaia
7%
🇪🇸 116.589 Alcobendas
6%
🇷🇴 115.900 Baia Mare
6%
🇮🇹 116.861 Forlì
6%
🇪🇸 192.233 Fuenlabrada
6%
🇮🇹 101.727 Novare
6%
🇷🇴 187.000 Oradea
6%
🇪🇸 131.689 Parla
6%
🇮🇹 189.171 Taranto
6%
🇷🇴 125.700 Targu Mures
6%
🇪🇸 100.907 Barakaldo
4%
🇷🇴 102.300 Buzau
4%
🇪🇸 119.289 Santa Coloma de Gramenet
4%
🇪🇸 132.771 Torrejón de Ardoz
4%
🇷🇴 133.800 Bacau
3%
🇮🇹 122.935 Giugliano in Campania
3%
🇪🇸 104.596 Ourense
3%
🇮🇹 107.314 Terni
3%
🇪🇸 102.769 Telde
1%
🇮🇹 110.675 Vincence
1%
🇪🇸 158.010 La Laguna
0%
Aucun quiz correspondant
Distribution des résultats
% des personnes avec chaque résultat
Percentile par nombre de réponses
Votre historique - résultats
Vous n’avez pas pris ce quiz